000
003280000a22001450004500
003
MACL
040
_a
MACL
090
_c
7171
_d
7170
100
_a
Ranganathananda, Swami
245
_a
The Charm and Power of The Upnishads
260
_b
The Ramakrishna Mission
_c
1966
350
_a
0.50
650
_a
Religion
942
_c
BOOK
_k
294
999
_c
7124
_d
7124